00836nam a22002297a 450000100060000000300080000600500170001400800410003103500190007204000260009104100080011708200330012510000220015824501800018024600550036025000170041526000630043230000260049565000290052165000370055070000190058776592BD-RjUL20211209082849.0191224s2019 bg ||||| |||| 00| 0 eng d a(BD-RjUL)76816 aBD-RjULbengcBD-RjUL aeng 223a345.5492002632bALC 2019 aAli, Md. Keramat  aCase Law Evidence Act :b(admiralty, civil, criminal, special original, statutury) case law with commentary /cAuthored by Md. Keramat Ali ; Co-author & edited by Faysal Habib aCase Law Evidence Act :bcase law with commentary  a1st edition. aDinajpur, Bangladesh :bBlack Coat Publication Firm,c2019 avii, 281 p. ;c25 cm. aCriminal lawzBangladesh aEvidence, Criminal zBangladesh. aHabib, Faysal